Baseball a softball

Saved in:
Bibliographic Details
Main Author Jebavý, Radim
Other Authors Richard Kania, Petra Pravečková, Eliška Thompsonová
Format Electronic eBook
LanguageCzech
Published Grada 2026
Edition1. elektronické vydání
Subjects
Online AccessDostupné v BOOKPORT po přihlášení pomocí eduID
ISBN978-80-271-6231-4
978-80-271-6218-5
Physical Description1 online zdroj (176 stran)

Cover

LEADER 00000nam a2200000 i 4500
001 bkp14383
003 CZ-prgp
005 20260407112622.0
006 m o d
007 cr cn
008 260407s2026 xr o 000 0 cze
020 |a 978-80-271-6231-4  |c 297 Kč  |q (online ; pdf) 
020 |a 978-80-271-6218-5  |c 355 Kč  |q (print) 
040 |a Grada  |b cze  |e rda 
100 1 |a Jebavý, Radim 
245 1 0 |a Baseball a softball  |c Radim Jebavý, Richard Kania, Petra Pravečková, Eliška Thompsonová 
250 |a 1. elektronické vydání 
264 1 |b Grada  |c 2026 
300 |a 1 online zdroj (176 stran) 
336 |a text  |b txt  |2 rdacontent 
337 |a počítač  |b c  |2 rdamedia 
338 |a online zdroj  |b cr  |2 rdacarrier 
520 3 |a Naše publikace je určena všem, kteří chtějí o obou pálkovacích hrách zjistit více. Zahrnuje popis i obrázky stěžejních prvků hry, vysvětlení pozic a jejich rolí, základní pravidla, představení základních principů. Vhodné pro trénink i do hodin tělesné výchovy nebo na sportovní kroužky. 
650 0 4 |a Fitness a kondice 
650 0 4 |a Sporty 
650 0 4 |a Trénink 
700 1 |a Richard Kania 
700 1 |a Petra Pravečková 
700 1 |a Eliška Thompsonová 
856 4 0 |u https://www.bookport.cz/AccountSaml/SignIn/?idp=https://shibboleth.utb.cz/idp/shibboleth&returnUrl=/kniha/baseball-a-softball-15905/  |y Dostupné v BOOKPORT po přihlášení pomocí eduID